Network Analysis And Synthesis (Record no. 316207)

MARC details
000 -LEADER
fixed length control field 00397nam a2200157Ia 4500
008 - FIXED-LENGTH DATA ELEMENTS--GENERAL INFORMATION
fixed length control field 230718s9999 xx 000 0 und d
041 ## - LANGUAGE CODE
Language code of text/sound track or separate title eng
082 ## - DEWEY DECIMAL CLASSIFICATION NUMBER
Classification number 621.319'2
Item number GUP
100 ## - MAIN ENTRY--PERSONAL NAME
Personal name Gupta P.V.
9 (RLIN) 154946
245 ## - TITLE STATEMENT
Title Network Analysis And Synthesis
260 ## - PUBLICATION, DISTRIBUTION, ETC. (IMPRINT)
Name of publisher, distributor, etc. Dp
365 ## - TRADE PRICE
Currency code Rs.
Price amount 80.00
500 ## - GENERAL NOTE
Keywords DONATED
700 ## - ADDED ENTRY--PERSONAL NAME
Personal name Gupta P.V. & Dhar P.C.
9 (RLIN) 189505
906 ## - LOCAL DATA ELEMENT F, LDF (RLIN)
d B:-03-Apr-2007
c ETC
Holdings
Withdrawn status Lost status Damaged status Not for loan Home library Current library Date acquired Vendor Budget Code Cost, normal purchase price Total Checkouts Full call number Barcode Date last seen Cost, replacement price Bill Date Koha item type Original Barcode
        Cummins College of Engineering for Women Pune Cummins College of Engineering for Women Pune 04/04/2007 Masurkar Enterprises ETC 80.00   621.319'2 CCEP-BK-27414 18/07/2023 80.00 03/04/2007 Books 027414